Silly 123s (Record no. 1225)
[ view plain ]
| 000 -LEADER | |
|---|---|
| fixed length control field | 01036nam a22002417a 4500 |
| 005 - DATE AND TIME OF LATEST TRANSACTION | |
| control field | 20230808150330.0 |
| 020 ## - INTERNATIONAL STANDARD BOOK NUMBER | |
| International Standard Book Number | 0762412747 |
| 040 ## - CATALOGING SOURCE | |
| Original cataloging agency | FISKH |
| Language of cataloging | eng |
| Transcribing agency | FISKH |
| Modifying agency | FISKH |
| 050 ## - LIBRARY OF CONGRESS CALL NUMBER | |
| Classification number | PZ7.G3855 |
| 082 ## - DEWEY DECIMAL CLASSIFICATION NUMBER | |
| Classification number | 513.211 |
| 100 ## - MAIN ENTRY--PERSONAL NAME | |
| Personal name | Gallup, Joan |
| 245 ## - TITLE STATEMENT | |
| Title | Silly 123s |
| Statement of responsibility, etc. | by Joan Gallup |
| 260 ## - PUBLICATION, DISTRIBUTION, ETC. | |
| Place of publication, distribution, etc. | Philadelphia : |
| Name of publisher, distributor, etc. | Running Press Book Publishers, |
| Date of publication, distribution, etc. | 2002. |
| 300 ## - PHYSICAL DESCRIPTION | |
| Extent | 44 unnumbered pages : |
| Dimensions | 34 x 26 cm. |
| 505 ## - FORMATTED CONTENTS NOTE | |
| Formatted contents note | B |
| 520 ## - SUMMARY, ETC. | |
| Summary, etc. | "This wonderfully engaging book asks young children to locate and count an assortment of objects placed in scenes with silly animals. It presents reproductions of eleven spectacular double-spread oil paintings framed with Joan Gallup's unique sculpted clay borders, along with plenty of her charming characters and creations. This beautiful gift edition is designed to become a childhood favorite!" - Library Thing |
| 521 ## - TARGET AUDIENCE NOTE | |
| Target audience note | 100 <br/> |
| Source | Lexile estimate |
| 521 ## - TARGET AUDIENCE NOTE | |
| Target audience note | B <br/> |
| Source | Raz-Plus |
| 650 ## - SUBJECT ADDED ENTRY--TOPICAL TERM | |
| Source of heading or term | counting |
| 942 ## - ADDED ENTRY ELEMENTS (KOHA) | |
| Source of classification or shelving scheme | Dewey Decimal Classification |
| Koha item type | Books |
| Suppress in OPAC | No |
| 999 ## - | |
| -- | 1225 |
| -- | 1225 |
| Withdrawn status | Lost status | Source of classification or shelving scheme | Damaged status | Not for loan | Collection | Home library | Current library | Shelving location | Date acquired | Total Checkouts | Full call number | Barcode | Date last seen | Date last checked out | Price effective from | Koha item type |
|---|---|---|---|---|---|---|---|---|---|---|---|---|---|---|---|---|
| Dewey Decimal Classification | Damaged | Non-Fiction | Footprints International School Library Network Toul Kork Campus | Footprints International School Library Network Toul Kork Campus | TK Primary Library Room(4th Floor), Bookcase 7, Shelves 57-60, Dark Green Books | 08/08/2023 | 2 | GAL 513.211 PZ7.G3855 | FISBK072100 | 06/14/2024 | 05/28/2024 | 08/08/2023 | Books |
